| 000 | 00000nam##2200000za#4500 |
| 001 | 9.607016 |
| 003 | CaOODSP |
| 005 | 20210624212920 |
| 007 | cr ||||||||||| |
| 008 | 150406|2001||||xxc|||||o f|0| 0 fre|d |
| 040 | |aCaOODSP|bfre |
| 043 | |an-cn--- |
| 086 | 1 |aEn49-24/41F-PDF |
| 110 | 1 |aCanada. |bEnvironnement Canada. |bService de la protection de l'environnement. |
| 245 | 10|aCode de pratiques écologiques pour les aciéries non intégrées : |h[ressource électronique]|bcode de pratiques de la LCPE 1999 |
| 250 | |aPremière édition |
| 260 | |aOttawa - Ontario : |bEnvironnement Canada. |cMars 2001. |
| 300 | |a61p.|bfigures, glossaire, carte, références, tableaux |
| 490 | 1 |aSérie de la protection de l'environnement. [Exploitation minière et traitement des minéraux]|vSPE 1/MM/8 |
| 500 | |aLe n° de catalogue (En49-24/1-41F) et l'ISBN (0-660-96440-6) copiés dans cette édition PDF sont incorrects. |
| 546 | |a(Abstract in English). |
| 590 | |a14-21-Supp|b2014-12-11 |
| 691 | 07|aAcier|2gcpds |
| 691 | 07|aCode de pratiques|2gcpds |
| 691 | 07|aProtection de l'environnement|2gcpds |
| 775 | 08|tEnvironmental code of practice for non-integrated steel mills : |w(CaOODSP)9.579398 |
| 830 | #0|aSérie de la protection de l'environnement. [Exploitation minière et traitement des minéraux]|vSPE 1/MM/8|w(CaOODSP)9.500910 |
| 856 | 40|ahttp://publications.gc.ca|qPDF|s614 Ko|uhttps://publications.gc.ca/collections/collection_2014/ec/En49-24-41-fra.pdf|ySPE 1/MM/8 |